00728nam a2200181 a 450000100100000000500170001000800410002704000250006808200150009310000370010824500740014526000420021930000270026104900090028895201130029795201190041099900170052900003019020200930060122.0110504s1997 dr a 000 0 spa d aDO-SdBNPbspacBNPHU axxxbV335p1 aVásquez, Rafael Antonio95689810aPoemas de primavera :bpoemas de otoño /cRafael Antonio Vásquez. aSanto DomingofImpresora Angelc1997. a39 p. :bil. ;c22 cm. aBNPD 0010718PDaPDbPDcCTd2011-05-04iLF1l0oxxx V335pp30190-10r2020-06-25w2020-06-25yLFPDZNo se presta 0010718PDaPDbPDcCTd2011-05-10iLF1l0oxxx V335pp30190-20r2020-06-25te. 2w2020-06-25yLFPDZNo se presta c29682d29682